Countries that Italy invaded - Statistics

General Stats
  • This quiz has been taken 15 times
  • The average score is 10 of 11
Answer Stats
continent Answer % Correct
africa egypt
100%
africa ethiopia
100%
europe greece
100%
africa libya
100%
europe yugoslavia
100%
europe france
93%
africa sudan
93%
africa tunisia
93%
europe albania
87%
africa kenya
87%
africa somalia
80%
No matching quizzes found
Score Distribution
Percent of People with Each Score
Percentile by Number Answered
Your Score History
You have not taken this quiz